عرض عادي
عرض مارك
- السيد، محمود عبد السلام علي
دخول Personal Name
001 - CONTROL NUMBER
- control field: 27378
003 - CONTROL NUMBER IDENTIFIER
- control field: AE-AdECS
005 - DATE AND TIME OF LATEST TRANSACTION
- control field: 20260318121847.0
008 - FIXED-LENGTH DATA ELEMENTS
- fixed length control field: 260318|| aca||aabn | a|a d
040 ## - CATALOGING SOURCE
- Original cataloging agency: AE-AdECS
- Transcribing agency: AE-AdECS
100 ## - HEADING--PERSONAL NAME
- Personal name: السيد، محمود عبد السلام علي
670 ## - SOURCE DATA FOUND
- Source citation: Work cat.: (AE-AdECS)294438: السيد، محمود عبد السلام علي مؤلف., الإعلام الآلي والأداء التنظيمي المتميز /
